000 00687nam a2200253Ia 4500
003 OSt
005 20221006144005.0
006 a|||||r|||| 00| 0
007 ta
008 221006b |||||||| |||| 00| 0 eng d
020 _cSh 50.00
024 _a10,587
037 _cTextual
040 _aEASL
_cEASL
_beng
041 _2eng
_aeng
082 _aW64:Q, K5
100 _aNEUMANN Sigmund
_9650730
245 0 _aPermanent revolution
_b Totalitarianism in the age of International civil war
260 _aLondon
_bPall Mall Press
_c1965
300 _a402p.
_ccm.
490 _v Oth
942 _hW64:Q, K5
_cTEXL
_2CC
999 _c1078673
_d1078673